| 000 | 00957nam a2200193 a 4500 | ||
|---|---|---|---|
| 001 | 000037569 | ||
| 005 | 20200930080438.0 | ||
| 008 | 120501s1969 sp 001 0 spa d | ||
| 040 |
_aDO-SdBNP _bspa _cBNPHU |
||
| 110 | 1 |
_aArchivo General de Indias (Sevilla, España) _964026 |
|
| 245 | 1 | 0 |
_aCedulario americano del siglo xviii : _bcolección de disposiciones legales indianas desde 1680 a 1800, contenidas en los Cedularios del Archivo General de Indias. / _pCédulas de Felipe V (1700-1724) _cedición, estudio y comentarios por Antonio Muro Orejón. |
| 260 |
_aSevilla : _bEscuela de Estudios Hispano-Americanos de Sevilla, _c1969. |
||
| 300 |
_aLXXVIII, 786 p. ; _c27 cm. |
||
| 490 | 1 |
_aPublicaciones de la Escuela de Estudios Hispano-Americanos de Sevilla ; _v185 |
|
| 500 | _aIncluye notas al pie de las páginas | ||
| 500 | _aIncluye índice | ||
| 700 | 1 |
_aMuro Orejón, Antonio _964027 |
|
| 830 | 0 |
_aEstudios Hispano-Americanos de Sevilla ; _n185 _964028 |
|
| 999 |
_c37059 _d37059 |
||